| 000 | 00000nam##2200000za#4500 |
| 001 | 9.642068 |
| 003 | CaOODSP |
| 005 | 20210624223524 |
| 007 | cr ||||||||||| |
| 008 | 150407|2000||||xxc|||||o f|0| 0 fre|d |
| 040 | |aCaOODSP|bfre |
| 043 | |an-cn--- |
| 086 | 1 |aH43-53/34-2000F-PDF |
| 110 | 1 |aCanada.|bSanté Canada. |bDirection générale de la protection de la santé. |
| 245 | 10|aNormes de preuve pour l'évaluation des aliments visés par des allégations santé : |h[ressource électronique]|bcadre proposé / |c[publié par le] Bureau des sciences de la nutrition, Direction des aliments. |
| 246 | 1 |aDocument de consultation |
| 260 | |aOttawa - Ontario : |bSanté Canada. |cJuin 2000. |
| 300 | |a52p.|bfigures, références, tableaux |
| 520 | 3 |aLe présent document de consultation fait un survol des points suivants: Questions à prendre en considération dans l'élaboration d'un cadre d'évaluation pour les aliments visés par des allégations santé; Les trois types de preuve exigés: innocuité du produit, bien-fondé de l'allégation, assurance de la qualité; Processus d'évaluation; Question liées à la mise en oeuvre de la nouvelle politique sur les allégations relatives aux effets des aliments sur la santé.--Résumé |
| 590 | |a13-15-Supp|b2013-06-24 |
| 691 | 07|aPromotion de la santé|2gcpds |
| 691 | 07|aAliment|2gcpds |
| 691 | 07|aPolitique en matière de santé|2gcpds |
| 775 | 08|tStandards of evidence for evaluating foods with health claims : |w(CaOODSP)9.698072 |
| 776 | 0#|tNormes de preuve pour l'évaluation des aliments visés par des allégations santé : |w(CaOODSP)9.681219 |
| 856 | 40|ahttp://publications.gc.ca|qPDF|s456 Ko|uhttps://publications.gc.ca/collections/Collection/H43-53-34-2000F.pdf |